000
00308nam a2200133Ia 4500
005
20251222153543.0
008
251222s9999||||xx |||||||||||||| ||spa||
082
_a
323.34/Y28
100
_a
Yáñez, Ana María
245
0
_a
Derecho de la Mujer
250
_a
1ra. ed.
264
_b
ADEC - ATC
942
_c
LIB
999
_c
30524
_d
30524